000
00264nam a2200109Ia 4500
008
231212s2006 xx 000 0 und d
041
_a
eng
082
_a
626.381
100
_a
Gavhane K.A.
245
_a
Chemical Reaction Engineering
260
_a
Pune
_b
Nirali
_c
2006
999
_c
965723
_d
965723